00837nam a2200253Ia 450000500170000000800410001702000150005804100080007310000210008124500830010225000220018530000390020765000300024665000430027665000310031965000380035070000300038826400310041833600270044933700330047633800280050904000350053708400110057220220316235650.0121119s1997 sp a gr 000 j spa  a84261300541 aspa1 aCapdevila, Roser13aLa escuela ¡qué aventura! cRoser Capdevila ; traducción de Pilar Garriga aPrimera edición a30 páginasbilustracionesc25 cm14aCuentos infantiles 2LEMB14aLibros de láminas para niños2LEMB14aLiteratura infantil 2LEMB14aRelación xAlumno-maestro2LEMB1 aGarriga, Pilaretraductor aBarcelona bJuventudc1997 atextobtxt2rdacontent asin mediaciónbn2rdamedia avolumenbnc2rdacarrier aCO-BoRNBPbspaerdacCO-BoRNBP aC CAP2